| 000 | 00631cam a2200217 a 4500 | ||
|---|---|---|---|
| 001 | 3870860 | ||
| 005 | 20180227034600.0 | ||
| 008 | 890825s1989 paua b 001 0 eng | ||
| 010 | _a 89010990 | ||
| 020 | _a0721624987 | ||
| 040 |
_aDLC _cDLC _dDLC |
||
| 041 | _aeng | ||
| 080 | _a636.089 | ||
| 082 | 0 | 0 |
_a636.089 WIL _220 |
| 100 | _a7 | ||
| 101 | _aZOO | ||
| 245 | 0 | 0 |
_aSmall animal clinical diagnosis by laboratory methods / _c[edited by] Michael D. Willard, Harold Tvedten, Grant H. Turnwald. |
| 504 | _aIncludes bibliographical references. | ||
| 906 |
_a7 _bcbc _corignew _d1 _eocip _f19 _gy-gencatlg |
||
| 942 |
_2ddc _cBK |
||
| 999 |
_c43548 _d43548 |
||